Human Biology Multiple Choice Quiz #3 - Statistics

General Stats
  • This quiz has been taken 5,457 times
    5,231 since last reset
  • The average score is 9 of 15
Answer Stats
Question Answer % Correct
Food is pushed down the esophagus via which mechanism? Peristalsis
87%
During a spinal tap, what kind of fluid is collected? Cerebrospinal fluid
85%
The Pericardium surrounds which organ? Heart
85%
The collar bone is known by what other name? Clavicle
82%
Where would you find Synovial fluid? In joint cavities
68%
Creutzfeldt–Jakob disease, a fatal degenerative disease, is caused by...? Prions
61%
If someone is hyponatremic, they are low on which electrolyte? Sodium
59%
The Pancreas produces two important hormones, what are they? Insulin & Glucagon
54%
Lymphocytes, a subtype of white blood cell, is further divided into which 3 major types? B, T and NK lymphocytes
51%
Where is the Thymus gland located? Chest
50%
What body part is classified as belonging to the Integumentary system? Skin
48%
A Neutrophil is a subtype of what? White Blood Cell
47%
Which organ produces Bile? Liver
43%
Micturition is another name for what? Urinating
41%
On average the Small intestine measures between... 3 - 5 meters
35%
No matching quizzes found
Score Distribution
Percent of People with Each Score
Percentile by Number Answered
Your Score History
You have not taken this quiz since the last reset